| 000 | 01486ncm a2200325 c 4500 | ||
|---|---|---|---|
| 999 |
_c352751 _d352751 |
||
| 003 | BLK | ||
| 005 | 20200424123414.0 | ||
| 008 | 180414b bul |a|er|||| |0| c|bulo| | ||
| 010 | _aNOT00001096000 | ||
| 040 | _aBLK | ||
| 041 |
_aRUS _cRUS |
||
| 080 |
_aОбой учебна л-ра. Етюди, гами, упражнения _b788.7 _x788.7 |
||
| 139 |
_aГобой _bГ 58 |
||
| 245 | 1 | 0 |
_aГобой _bУчбовий репертуар дитячих музичних шкiл ІV клас |
| 254 | _aПартитура | ||
| 257 | _aRUS | ||
| 260 |
_bМузична Украiна _c1980 _9404225 _aКиев |
||
| 300 |
_a42 с. _c22 см |
||
| 380 | _a7 | ||
| 650 | 7 |
_9164431 _aОбой - етюди |
|
| 653 | 7 |
_9187699 _aинструментална музика |
|
| 653 | 7 |
_9184853 _aдетски пиеси |
|
| 700 | 1 |
_aБуяновский, Виталий М. _eсъстав. _944309 |
|
| 852 |
_aЦБ М 855 _p5 |
||
| 856 | 4 |
_qpdf _u |
|
| 856 | 4 |
_qpdf _u |
|
| 942 |
_cNOT _n0 _s1 |
||
| 944 |
_aED _c03.08.2005 |
||
| 999 | _d352751 | ||
| 999 | _d299603 | ||